Fundamental accounting principles vol 2 (Record no. 8243)
[ view plain ]
| 000 -LEADER | |
|---|---|
| fixed length control field | 01070cam a2200313 a 4500 |
| 001 - CONTROL NUMBER | |
| control field | 2456196 |
| 003 - CONTROL NUMBER IDENTIFIER | |
| control field | mut |
| 005 - DATE AND TIME OF LATEST TRANSACTION | |
| control field | 20240606081052.0 |
| 008 - FIXED-LENGTH DATA ELEMENTS--GENERAL INFORMATION | |
| fixed length control field | 890731s1990 ilua b 001 0 eng |
| 010 ## - LIBRARY OF CONGRESS CONTROL NUMBER | |
| LC control number | 89085551 |
| 020 ## - INTERNATIONAL STANDARD BOOK NUMBER | |
| International Standard Book Number | 9780070968271 |
| 040 ## - CATALOGING SOURCE | |
| Original cataloging agency | DLC |
| Transcribing agency | DLC |
| Modifying agency | DLC |
| 050 00 - LIBRARY OF CONGRESS CALL NUMBER | |
| Classification number | HF5636 |
| Item number | .L37 2010 |
| 082 00 - DEWEY DECIMAL CLASSIFICATION NUMBER | |
| Classification number | 657 |
| Edition information | 20 |
| 100 1# - MAIN ENTRY--PERSONAL NAME | |
| Personal name | Larson, Kermit D. |
| 245 10 - TITLE STATEMENT | |
| Title | Fundamental accounting principles vol 2 |
| 250 ## - EDITION STATEMENT | |
| Edition statement | 13th Canadian ed. |
| 260 ## - PUBLICATION, DISTRIBUTION, ETC. | |
| Place of publication, distribution, etc. | USA: |
| Name of publisher, distributor, etc. | McGraw Hill Ryerson, |
| Date of publication, distribution, etc. | c2010. |
| 300 ## - PHYSICAL DESCRIPTION | |
| Extent | xviii, 1311 p. : |
| Other physical details | ill. ; |
| Dimensions | 27 cm. |
| 500 ## - GENERAL NOTE | |
| General note | Rev. ed. of: Fundamental accounting principles / Kermit D. Larson and others. 5th Canadian ed. 1987. |
| 504 ## - BIBLIOGRAPHY, ETC. NOTE | |
| Bibliography, etc. note | Includes bibliographical references and index. |
| 650 #0 - SUBJECT ADDED ENTRY--TOPICAL TERM | |
| Topical term or geographic name entry element | Accounting. |
| 700 1# - ADDED ENTRY--PERSONAL NAME | |
| Personal name | Zin, Michael. |
| 700 1# - ADDED ENTRY--PERSONAL NAME | |
| Personal name | Nelson, M. |
| Fuller form of name | (Morton) |
| 730 0# - ADDED ENTRY--UNIFORM TITLE | |
| Uniform title | Fundamental accounting principles. |
| 906 ## - LOCAL DATA ELEMENT F, LDF (RLIN) | |
| a | 7 |
| b | cbc |
| c | orignew |
| d | 2 |
| e | opcn |
| f | 19 |
| g | y-gencatlg |
| 942 ## - ADDED ENTRY ELEMENTS (KOHA) | |
| Source of classification or shelving scheme | Library of Congress Classification |
| Koha item type | Books |
| Withdrawn status | Lost status | Source of classification or shelving scheme | Damaged status | Not for loan | Home library | Current library | Date acquired | Total checkouts | Full call number | Barcode | Date last seen | Price effective from | Koha item type | Shelving location | Source of acquisition |
|---|---|---|---|---|---|---|---|---|---|---|---|---|---|---|---|
| Library of Congress Classification | Murang'a University of Technology Library | Murang'a University of Technology Library | 24/04/2017 | HF5636 .L37 2010 | 008769 | 30/08/2024 | 24/04/2017 | Books | |||||||
| Library of Congress Classification | Murang'a University of Technology Library | Murang'a University of Technology Library | 19/09/2017 | HF5636 .L37 2010 | 014673 | 30/08/2024 | 19/09/2017 | Books | General stacks | Donation-TFC |